000 00344 a2200157 4500
001 61704
020 _a9788537704530
040 _cAnchieta - Pituba
100 _aMirim, Anhangá
240 1 0 _aAméricas assombradas
_lpor
245 1 0 _aAméricas assombradas
300 _a43
362 0 _a2008
650 4 _aLiteratura juvenil
942 _cBK
999 _c61704
_d61704